| 000 | 00993cam a2200253 a 4500 | ||
|---|---|---|---|
| 999 |
_c2352 _d2352 |
||
| 001 | 5289 | ||
| 003 | BD-DhUAP | ||
| 005 | 20210128163006.0 | ||
| 008 | 011213s1995 bg abf b f000 0 eng | ||
| 040 |
_aBD-DhUAP _cBD-DhUAP _dBD-DhUAP _bEng |
||
| 082 | 0 | 0 |
_a934 ARC _223 |
| 245 | 0 | 0 |
_aArchaeological survey report of greater Dinajpur District / _cMd. Mosharraf Hossain ... [et al.] ; compiled by Md. Mosharraf Hossain ; edited by Mohammed Ali. |
| 260 |
_aDhaka : _bDept. of Archaeology, Ministry of Cultural Affairs, _c1995. |
||
| 300 |
_a118 pages : _billustrations ; _c25 cm. |
||
| 490 |
_aB.A. series ; _v14. |
||
| 504 | _aIncludes bibliographical references. | ||
| 650 | 0 |
_aExcavations (Archaeology) _zBangladesh _zDinājpur District. |
|
| 651 | 0 |
_aDinājpur District (Bangladesh) _xAntiquities. |
|
| 700 | 1 | _aAli, Mohammed | |
| 700 | 1 | _aHossain, Md. Mosharraf | |
| 710 | 1 |
_aBangladesh _bDepartment of Archaeology |
|
| 942 |
_2ddc _cBK |
||